000
00298nam a2200121Ia 4500
008
220204s9999 xx 000 0 und d
082
_a
678.5:62
_b
DAL
245
0
_a
Ablative Plastics
260
_a
New York
_b
Marcel Dekker
_c
1971
700
_a
Dalelio, G F
700
_a
Parker, John A
942
_c
BK
999
_c
23723
_d
23723